Определение золота методом инверсионной вольтамперометрии с использованием графитового электрода, модифицированного сурьмой; Химия и химическая технология в XXI веке

Bibliographic Details
Parent link:Химия и химическая технология в XXI веке.— 2017.— [С. 203-204]
Main Author: Дудкина А. А.
Corporate Author: Национальный исследовательский Томский политехнический университет (ТПУ) Институт природных ресурсов (ИПР) Кафедра физической и аналитической химии (ФАХ)
Other Authors: Колпакова Н. А. Нина Александровна (научный руководитель)
Summary:Заглавие с экрана
Language:Russian
Published: 2017
Series:Теоретические и прикладные аспекты физической и аналитической химии
Subjects:
Online Access:http://earchive.tpu.ru/handle/11683/41783
Format: Electronic Book Chapter
KOHA link:https://koha.lib.tpu.ru/cgi-bin/koha/opac-detail.pl?biblionumber=622882

MARC

LEADER 00000naa2a2200000 4500
001 622882
005 20231101133232.0
035 |a (RuTPU)RU\TPU\conf\21698 
035 |a RU\TPU\conf\21697 
090 |a 622882 
100 |a 20170713d2017 k y0rusy50 ca 
101 0 |a rus 
102 |a RU 
105 |a y z 101zy 
135 |a drgn ---uucaa 
181 0 |a i  
182 0 |a b 
200 1 |a Определение золота методом инверсионной вольтамперометрии с использованием графитового электрода, модифицированного сурьмой  |f А. А. Дудкина  |g науч. рук. Н. А. Колпакова 
203 |a Текст  |c электронный 
225 1 |a Теоретические и прикладные аспекты физической и аналитической химии 
230 |a 1 компьютерный файл (pdf; 550 Kb) 
300 |a Заглавие с экрана 
320 |a [Библиогр.: с. 204 (3 назв.)] 
463 0 |0 (RuTPU)RU\TPU\conf\21448  |t Химия и химическая технология в XXI веке  |o материалы XVIII Международной научно-практической конференции студентов и молодых ученых имени профессора Л.П. Кулёва, 29 мая-1 июня 2017 г., г. Томск  |f Национальный исследовательский Томский политехнический университет (ТПУ) ; Институт природных ресурсов (ИПР) ; Институт физики высоких технологий (ИФВТ) ; Физико-технический институт (ФТИ)  |v [С. 203-204]  |d 2017 
610 1 |a труды учёных ТПУ 
610 1 |a электронный ресурс 
610 1 |a вольтамперометрия 
610 1 |a электроды 
610 1 |a электроокисление 
610 1 |a золото 
610 1 |a сурьма 
700 1 |a Дудкина  |b А. А. 
702 1 |a Колпакова  |b Н. А.  |c химик  |c девичья фамилия Полукарова  |c профессор Томского политехнического университета, доктор химических наук  |c Почетный химик России (1996 г.)  |f 1942-  |g Нина Александровна  |2 stltpush  |4 727 
712 0 2 |a Национальный исследовательский Томский политехнический университет (ТПУ)  |b Институт природных ресурсов (ИПР)  |b Кафедра физической и аналитической химии (ФАХ)  |h 94  |2 stltpush  |3 (RuTPU)RU\TPU\col\18656 
801 2 |a RU  |b 63413507  |c 20170726  |g RCR 
856 4 |u http://earchive.tpu.ru/handle/11683/41783 
942 |c BK